Advances and Technical Standards in Neurosurgery

Advances: H. Duffau: Subpial dissection and subcortical mapping with vasculature and white matter pathways preservation in surgery for brain (low grade) gliomas. - F. Scholtes, G. Brook, D. Martin: Spinal cord injury and its treatment: current management and experimental perspectives. - M. Sindou, M...

Full description

Bibliographic Details
Corporate Author: SpringerLink (Online service)
Other Authors: Pickard, J. D. (Editor), Akalan, N. (Editor), Benes, V. (Editor), Rocco, C. Di (Editor), Dolenc, V. V. (Editor), Antunes, J. Lobo (Editor), Rappaport, Z. H. (Editor), Schramm, J. (Editor), Sindou, M. (Editor)
Format: Electronic eBook
Language:English
Published: Vienna : Springer Vienna, 2012.
Series:Advances and Technical Standards in Neurosurgery, 38
Subjects:
Online Access:Full Text via HEAL-Link
LEADER 02794nam a22005175i 4500
001 978-3-7091-0676-1
003 DE-He213
005 20151125231755.0
007 cr nn 008mamaa
008 120516s2012 au | s |||| 0|eng d
020 |a 9783709106761  |9 978-3-7091-0676-1 
024 7 |a 10.1007/978-3-7091-0676-1  |2 doi 
040 |d GrThAP 
050 4 |a RD592.5-596 
072 7 |a MNN  |2 bicssc 
072 7 |a MED085010  |2 bisacsh 
082 0 4 |a 617.48  |2 23 
245 1 0 |a Advances and Technical Standards in Neurosurgery  |h [electronic resource] /  |c edited by J. D. Pickard, N. Akalan, V. Benes, C. Di Rocco, V. V. Dolenc, J. Lobo Antunes, Z. H. Rappaport, J. Schramm, M. Sindou. 
264 1 |a Vienna :  |b Springer Vienna,  |c 2012. 
300 |a XIV, 190 p.  |b online resource. 
336 |a text  |b txt  |2 rdacontent 
337 |a computer  |b c  |2 rdamedia 
338 |a online resource  |b cr  |2 rdacarrier 
347 |a text file  |b PDF  |2 rda 
490 1 |a Advances and Technical Standards in Neurosurgery,  |x 0095-4829 ;  |v 38 
520 |a Advances: H. Duffau: Subpial dissection and subcortical mapping with vasculature and white matter pathways preservation in surgery for brain (low grade) gliomas. - F. Scholtes, G. Brook, D. Martin: Spinal cord injury and its treatment: current management and experimental perspectives. - M. Sindou, M. Messerer, J. Alvernia, G. Saint-Pierre: Percutaneous Biopsy through the Foramen Ovale for Parasellar lesions: Surgical anatomy, Method and Indications. - Technical Standards: C. Raftopoulos, F. Waterkeyn, E. Fomekong, T. Duprez: Percutaneous pedicle screw implantation with robotic intraoperative 2D/3D fluoroscopy for refractory low back pain. – I. Zemmoura, S. Velut, P. Francois:The choroidal fissure: anatomy and surgical implications. – I. Timofeev, T. Santarius, A.G. Kolias, P.J.A. Hutchinson: Decompressive craniectomy – operative technique and perioperative care. - S Fauser, J Zentner: Management of complex cortical dysplasia in epilepsy. 
650 0 |a Medicine. 
650 0 |a Neurosurgery. 
650 1 4 |a Medicine & Public Health. 
650 2 4 |a Neurosurgery. 
700 1 |a Pickard, J. D.  |e editor. 
700 1 |a Akalan, N.  |e editor. 
700 1 |a Benes, V.  |e editor. 
700 1 |a Rocco, C. Di.  |e editor. 
700 1 |a Dolenc, V. V.  |e editor. 
700 1 |a Antunes, J. Lobo.  |e editor. 
700 1 |a Rappaport, Z. H.  |e editor. 
700 1 |a Schramm, J.  |e editor. 
700 1 |a Sindou, M.  |e editor. 
710 2 |a SpringerLink (Online service) 
773 0 |t Springer eBooks 
776 0 8 |i Printed edition:  |z 9783709106754 
830 0 |a Advances and Technical Standards in Neurosurgery,  |x 0095-4829 ;  |v 38 
856 4 0 |u http://dx.doi.org/10.1007/978-3-7091-0676-1  |z Full Text via HEAL-Link 
912 |a ZDB-2-SME 
950 |a Medicine (Springer-11650)